000 00534nam a2200217Ia 4500
999 _c95144
_d95144
003 0100
005 20171016143623.0
008 130307s9999 xx 000 0 und d
040 _cARRUPELIB
050 _aB765.T531
100 _aAquinas, Thomas St
_99346
245 _aOn the truth of the Catholic faith
245 _bsumma contra gentiles
260 _aNew York
260 _bImage books
260 _c1955
300 _a317p.
300 _b18cm.
650 _aPHILOSOPHY
_937113
650 _bApologetics--Early works to 1800
_937114
700 _aPegis, Anton C. (Tr.)
_937115
942 _2lcc
_cMONOGRAPH